Atmosphere, climate and change
Saved in:
| Main Author: | |
|---|---|
| Other Authors: | |
| Format: | Book |
| Language: | English |
| Published: |
New York :
Scientific American Library,
c1995
|
| Subjects: | |
| Tags: |
Add Tag
No Tags, Be the first to tag this record!
|
MARC
| LEADER | 00000nam a2200000 i 4500 | ||
|---|---|---|---|
| 001 | 1/94838 | ||
| 008 | 991130s1995 eng d | ||
| 020 | |a 0-7167-5049-X | ||
| 035 | |l 10055013 | ||
| 040 | |a GR-MY-UA |b gre |e aacr | ||
| 041 | 0 | |a eng | |
| 082 | 0 | |a 551.6 | |
| 100 | 1 | |a Graedel, T. E. | |
| 245 | 1 | 0 | |a Atmosphere, climate and change / |c Thomas E. Graedel and Paul J. Crutzen |
| 260 | |a New York : |b Scientific American Library, |c c1995 | ||
| 300 | |a 196 p. |b ill. | ||
| 504 | |a Includes bibliographical references and index | ||
| 650 | 0 | 0 | |a Climatology. |
| 650 | 0 | 0 | |a Atmospheric chemistry. |
| 700 | 1 | |a Crutzen, Paul J. |d 1933- | |
| 852 | |a INST |b LESVOS |e 19991130 |h 551.6 GRA |p 005100022103 |q 005100022103 |t BK |y 0 | ||
| 901 | |a BIBL1-2000-1 | ||
| 909 | |a Λ |b 070336 | ||
| 922 | |a 1ΕΛΗ |b 199911 |c ΚΠΣ/ΤΓ |d LEADER | ||
| 950 | |a 118-1999-09-03 | ||
| 970 | |a ΤΖΑΦΕΡΗ |b ΕΥΑΓΓΕΛΙΑ |z 2000/01/24 | ||